تخطي إلى المحتوى
Inicio
Centros participantes
Catálogo
Servicios
Contacto
تسجيل الدخول
English
Deutsch
Español
Français
Italiano
日本語
Nederlands
Português
Português (Brasil)
中文(简体)
中文(繁體)
Türkçe
עברית
Gaeilge
Cymraeg
Ελληνικά
Català
Euskara
Русский
Čeština
Suomi
Svenska
polski
Dansk
slovenščina
اللغة العربية
বাংলা
Galego
Tiếng Việt
Hrvatski
हिंदी
Հայերէն
Українська
Sámegiella
اللغة
كل الحقول
العنوان
المؤلف
الموضوع
رقم الاستدعاء
ردمك/تدمد
الوسم
ابحث
بحث متقدم
Tasa de interés y tipo de camb...
استشهد بهذا
أرسل هذا بالبريد الإلكتروني
طباعة
تصدير التسجيلة
تصدير إلى RefWorks
تصدير إلى EndNoteWeb
تصدير إلى EndNote
أضف إلى المفضلة
رابط دائم
إضافة أول تقييم
Tasa de interés y tipo de cambio: 1981-1987
محفوظ في:
التفاصيل البيبلوغرافية
المؤلف الرئيسي:
Morales, Rolando
التنسيق:
نص
منشور في:
La Paz:
ILDIS
الوسوم:
إضافة وسم
لا توجد وسوم, كن أول من يضع وسما على هذه التسجيلة!
المقتنيات
الوصف
التعليقات
مواد مشابهة
عرض للأخصائي
MARC
LEADER
00000 a a2200000 04500
001
23782
003
040
090
|a
168200
100
|a
Morales, Rolando
245
|a
Tasa de interés y tipo de cambio: 1981-1987
260
|a
La Paz:
|b
ILDIS
300
|a
80 p.
999
|c
10602
|d
10602
مواد مشابهة
Integración: nuevos desafíos y alternativas
حسب: Salgado, Germánico
Documento bibliográfico sobre la crisis salvadoreña; 1er. avance de investigación /
حسب: Jiménez, Edgar
Bibliografía: Guatemala
If the war in Nicaragua ends: where will the contras go? A discussion paper /
حسب: Gallagher, Denis
Nicaragua: cronología básica 1979-1984 (versión preliminar)